Fr. Conceicao Rodrigues College of Engineering

Welding metallurgy (Record no. 33044)

MARC details
000 -LEADER
fixed length control field 00306nam a2200145Ia 4500
082 ## - DEWEY DECIMAL CLASSIFICATION NUMBER
Classification number 672.52
100 ## - MAIN ENTRY--PERSONAL NAME
Personal name Linnert/ G.E.
245 ## - TITLE STATEMENT
Title Welding metallurgy
260 ## - PUBLICATION, DISTRIBUTION, ETC.
Name of publisher, distributor, etc. American Welding Society
Place of publication, distribution, etc. New York
Date of publication, distribution, etc. 1965
300 ## - PHYSICAL DESCRIPTION
Extent 474
490 ## - SERIES STATEMENT
Volume/sequential designation 1
546 ## - LANGUAGE NOTE
Language note ENGLISH
654 ## - SUBJECT ADDED ENTRY--FACETED TOPICAL TERMS
Focus term Welding
942 ## - ADDED ENTRY ELEMENTS (KOHA)
Koha item type Reference Book
Holdings
Withdrawn status Lost status Damaged status Not for loan Collection Home library Current library Shelving location Date acquired Cost, normal purchase price Inventory number Total Checkouts Full call number Barcode Date last seen Cost, replacement price Price effective from Koha item type
        AFT Fr. Agnel's C.Rodrigues College of Engineering Fr. Agnel's C.Rodrigues College of Engineering   17/03/2023 298.80 T-261   672.52 AFT2194 17/03/2023 298.80 17/03/2023 Reference Book